000 00999nam a2200313Ia 4500
999 _c48689
_d48689
001 19460751
001 19460751
003 SIRSI
005 20191104083315.0
008 890327s1964 enk b 000 0 eng d
015 _aGB64-23557
035 _a(Sirsi) o19460751
035 _a(OCoLC)19460751
_z(OCoLC)1259287
036 _au421266
040 _aLTS
_beng
_cLTS
_dUKM
_dOCLCG
_dCUY
_dOCLCQ
_dTSW
049 _aTSWB
100 1 _aBrown, John,
_d1830-1922.
245 1 0 _aJohn Bunyan :
_ba story of his life /
_cFrank Mott Harrison.
260 _aLondon :
_bBanner of Truth Trust,
_c1964.
300 _ax, 213 p. ;
_c19 cm.
336 _atext
337 _aunmediated
338 _avolume
504 _aIncludes bibliographical references.
600 1 0 _aBunyan, John,
_d1628-1688.
700 1 _aHarrison, Frank Mott.
776 0 8 _iOnline version:
_aBrown, John, 1830-1922.
_tJohn Bunyan, a story of his life.
_dLondon : The Banner of Truth Trust, 1964
_w(OCoLC)622673254.
942 _2lcc
_cBK